000 00694nam a2200205 a 4500
001 22987
003 CO-ViMGA
008 141112s2004 ck r 000 u spa d
020 _a972-745996
040 _aCO-ViMGA
_bspa
_cCO-ViMGA
082 0 4 _aGARj
100 1 _aGarrido Leccia, Hermàn
_933042
245 1 0 _aJohn - John, El dragòn del lagotiticaca
260 _aColombia :
_bNorma
300 _a62p.
505 _aComo trataban a magos y emisarios que llegan en buscan de jhon - jhon, Se va a la amazonia, La hora de la verdad, De quien soy yo, La hora de la verdad
650 1 4 _aCUENTOS INFANTILES PERUANOS
_933043
650 1 4 _aDRAGONES - CUENTOS INFANTILES
_933044
942 _2ddc
_cBK
999 _c31273
_d31273